Normal view
MARC view
Entry Personal Name
001 - CONTROL NUMBER
- control field: 6084
003 - CONTROL NUMBER IDENTIFIER
- control field: BDCtgAUW
005 - DATE AND TIME OF LATEST TRANSACTION
- control field: 20230115024856.0
008 - FIXED-LENGTH DATA ELEMENTS
- fixed length control field: 230115|| aca||aabn | a|a d
040 ## - CATALOGING SOURCE
- Original cataloging agency: BDCtgAUW
- Transcribing agency: BDCtgAUW
100 ## - HEADING--PERSONAL NAME
- Personal name: Lukonin, Vladimir G
670 ## - SOURCE DATA FOUND
- Source citation: Work cat.: (BDCtgAUW)796: Dandamaev, Muhammad A 6079, The culture and social institutions of ancient Iran